Movies Quiz

Random Movies or Actor Quiz

Movie Title Actors (A-Z) III Quiz Stats

 Plays Quiz Updated Mar 20, 2020

Support Sporcle.
Go Orange.
Score 0/25 Timer 05:00
4 Plays Today
Movie Actor % Correct
Forrest ·Gump·Tom Hanks
97%
·Rocky· BalboaSylvester Stallone
91.2%
·Iron· ManRobert Downey Jr.
89.4%
The ·Truman· ShowJim Carrey
88.6%
X-Men Origins: ·Wolverine·Hugh Jackman
85.9%
Mad ·Max· Beyond ThunderdomeMel Gibson
80.7%
·Schindler's· ListLiam Neeson
78.6%
Bridget ·Jones's· DiaryRenée Zellweger
73.4%
·Annie· HallDiane Keaton
70.6%
·Hook·Dustin Hoffman
70.5%
You Don't Mess with the ·Zohan·Adam Sandler
64.2%
·Lawrence· of ArabiaPeter O'Toole
63.9%
·Nanny· McPheeEmma Thompson
62.7%
Movie Actor % Correct
The People vs. Larry ·Flynt·Woody Harrelson
61.7%
·Elizabeth·: The Golden AgeCate Blanchett
61.7%
·Dr.· StrangelovePeter Sellers
57.3%
·Ocean's· 8Sandra Bullock
54.4%
Bonnie and ·Clyde·Warren Beatty
53%
John ·Q.·Denzel Washington
51.5%
·Kate· & LeopoldMeg Ryan
38.4%
·V· for VendettaHugo Weaving
37.1%
·Pee-wee's· Big AdventurePaul Reubens
32%
Life of ·Brian·Graham Chapman
31.7%
·Uncle· DrewKyrie Irving
16.5%
·Youngblood· (1986)Rob Lowe
16.2%

You're not logged in!

Compare scores with friends on all Sporcle quizzes.
OR
Log In

From the Vault

Spanish: 'To Be'

by Matt

Ser o no ser, esa es la pregunta.
Remove Ads.
Support Sporcle.
Get the best of Sporcle when you Go Orange. This ad-free experience offers more features, more stats, and more fun while also helping to support Sporcle. Thank you for becoming a member.

Show Comments

Extras

Top Quizzes Today


Score Distribution

Your Account Isn't Verified!

In order to create a playlist on Sporcle, you need to verify the email address you used during registration. Go to your Sporcle Settings to finish the process.

Report this User

Report this user for behavior that violates our Community Guidelines.

Details: